The Earlier and later Upanisads : (Record no. 104168)

MARC details
000 -LEADER
fixed length control field 00668nam a22002057a 4500
005 - DATE AND TIME OF LATEST TRANSACTION
control field 20161206112424.0
010 ## - LCCN (DPL NO)
LC control number ENG-116278
020 ## - INTERNATIONAL STANDARD BOOK NUMBER
International Standard Book Number 9788180902758
Terms of availability 675.00
035 ## - SYSTEM CONTROL NUMBER
System control number EN-99810
037 ## - SOURCE OF ACQUISITION
Source of stock number/acquisition DBAD/PUB
082 ## - DEWEY DECIMAL CLASSIFICATION NUMBER
Classification number 220.24
100 ## - MAIN ENTRY--PERSONAL NAME
Personal name Mrinalini Vivek Manohar
245 ## - TITLE STATEMENT
Title The Earlier and later Upanisads :
Statement of responsibility, etc by Mrinalini Vivek Manohar
Remainder of title a comapartive study /
260 ## - PUBLICATION, DISTRIBUTION, ETC. (IMPRINT)
Place of publication, distribution, etc Delhi
Name of publisher, distributor, etc Bhartiya Kala Prakashan
Date of publication, distribution, etc 2011
270 ## - ADDRESS
Address 3421-A,IInd Floor Narang Colony,Tri Nagar
City Delhi
Postal code 110035
300 ## - PHYSICAL DESCRIPTION
Extent xxii,388p.
Dimensions 21cm(Hb)
500 ## - GENERAL NOTE
General note Includes bibliographical references and index
700 ## - ADDED ENTRY--PERSONAL NAME
Personal name
942 ## - ADDED ENTRY ELEMENTS (KOHA)
Source of classification or shelving scheme Dewey Decimal Classification
Item type English Books
Classification part 220.24
Call number suffix MRI
Holdings
Withdrawn status Lost status Not for loan Collection code Home library Current library Date acquired Source of acquisition Cost, normal purchase price Full call number Barcode Copy number Cost, replacement price Koha item type
    Not For Loan Non-fiction D.B.Act.Division Bawana 24/10/2016 DBAD/PUB 675.00 220.24 MRI EN-99810 1 675.00 English Books

© Delhi Public Library
Hit Counter
free hit counter